| 000 | 00622nam a2200229 a 4500 | ||
|---|---|---|---|
| 008 | |||
| 020 | _a8185617821 (pbk.) | ||
| 049 | _aMAIN | ||
| 090 | _aTS183 | ||
| 100 | 1 | _aHaslehurst, Maurice. | |
| 245 | 1 | 0 |
_aManufacturing technology / _c M. Haslehurst. |
| 250 | _a3rd ed. | ||
| 260 |
_aNew Delhi : _bViva Books, _c1998. |
||
| 300 |
_avi, 394 p.: _bill., ; _c22 cm. |
||
| 500 | _aIncludes index. | ||
| 650 | 0 | _aManufacturing processes. | |
| 907 |
_a.b10128128 _b31-08-05 _c21-06-04 |
||
| 003 | |||
| 005 | 20230123133743.0 | ||
| 040 | _cNUST | ||
| 942 |
_cBOOKS _kTS183 |
||
| 999 |
_c154052 _d154052 |
||